Responses for Show #6167 - Tuesday, June 7, 2011

Contestants

[<< previous game]

Crystal Leonard, a stay-at-home mom and substitute teacher from Upland, California

Lindsey Peterson, an economist from Yonkers, New York

Sam Meyer, a graduate student of Middle Eastern studies originally from St. Joseph, Minnesota (whose 1-day cash winnings total $20,432)

[next game >>]

Jeopardy! Round responses

STRINGED INSTRUMENTS
MEET MY EXES
ANNUAL EVENTS
TIGERS BY THE TALE
SPECIAL "T"s
FUN WITH STATE NAMES
    $200 11
fiddle

Crystal
    $200 21
Tom Cruise

Crystal
    $200 6
Idaho

Lindsey
    $200 16
(Crystal: Who is Winnie the Pooh?)

Tigger

SamCrystal
    $200 1
tequila

Lindsey
    $200 26
Mississippi & Tennessee

Crystal
    $400 12
a viola

Sam
    $400 22
Mia Farrow

Crystal
    $400 7
(Crystal: What is Thanksgiving?)

the 4th of July (Independence Day)

SamCrystal
    $400 17
The Jungle Book

Sam
    $400 2
toffee

Lindsey
    $400 27
(Crystal: What is--uh-oh. [Laughs] I--J?)

Q

LindseyCrystal
    $600 13
a mandolin

Lindsey
    $600 23
Melanie Griffith

Crystal
    $600 8
chitlins

Sam
    $600 18
Lizzie Borden

Crystal
    $600 3
tapas

Lindsey
    $600 28
E

Sam
    $800 14
pedals

Crystal
    $800 24
Liza Minnelli

Lindsey
    $1,000 9
(Alex: [*], Missouri, yes. Mark Twain's hometown. Even though the jumping frog was here in California.)

Hannibal

Sam
    $800 19
(Alex: Calvin and [*] is the cartoon.)

(Thomas) Hobbes

Lindsey
    $800 4
tiramisu

Lindsey
    $800 29
N

Sam
    $1000 15
cello

Sam
    $1000 25
Chris Evert

Triple Stumper
    $1000 10
Tombstone

Crystal
    $1000 20
Pi

Lindsey
    $1000 5
a tangelo

Crystal
    $1000 30
Wyoming

Lindsey

Scores at the first commercial break (after clue 15):

Sam Lindsey Crystal
$3,400 $2,800 $2,600

Scores at the end of the Jeopardy! Round:

Sam Lindsey Crystal
$5,400 $6,800 $4,000

Double Jeopardy! Round responses

SCIENCE
TV LAW FIRMS
ALPHABETICALLY LAST
LEANING
TOWER
OF PISA
    $400 1
(Sam: What are cells?)
(Alex: Be more specific.)
(Sam: Uh, what are... blood cells?)
(Alex: No, I needed even more specific...)
(Sam: [*].)
(Alex: Okay.)

red blood cells

Sam
    $400 21
Damages

Lindsey
    $400 7
Yale

Crystal
    $400 6
a tilt

Sam
    $400 12
the Sears Tower

Crystal
    $400 17
Galileo

Sam
    $3,200 2
neon

Sam
    $800 22
Ally McBeal

Crystal
    $800 8
Staten Island

Lindsey
    $800 27
slant

Crystal
    $800 13
the Ottoman Empire

Sam
    $800 18
World War II

Lindsey
    $1200 3
(Sam: What is methane?)

ammonia

Sam
Triple Stumper
    $1200 23
Angel

Triple Stumper
    $1200 9
Zephyr

Lindsey
    $1200 28
listing

Crystal
    $1200 14
the Space Needle

Sam
    $1200 19
(white) marble

Crystal
    $1600 4
calcium carbonate

Lindsey
    $1600 24
The Practice

Sam
    $1600 10
Zagreb

Sam
    $1600 29
incline

Triple Stumper
    $1600 15
the Tower of London

Crystal
    $1600 20
Tuscany

Triple Stumper
    $2000 5
(Sam: What's a pascal?)

one atmosphere

Sam
Triple Stumper
    $2000 26
[ERRATUM: McKenzie was misspelled as shown.]

L.A. Law

Crystal
    $2,800 11
Pompey

Sam
    $2000 30
(Sam: What is the y'all?)

can't

Sam
Triple Stumper
    $2000 16
Auckland

Sam
    $2000 25
(Sam: What is Milan?)

Florence

SamLindsey

Scores at the end of the Double Jeopardy! Round:

Sam Lindsey Crystal
$12,600 $13,600 $12,400

[wagering suggestions for these scores]

Final Jeopardy! Round responses

BESTSELLERS
(Alex: Are you three too old for this one? Crystal, I noticed that you wrote down your response first, and then you cast a glance over at your two opponents to see if they were writing anything.)
[Contestants laugh]
...
(Alex: [To Crystal] Yes, indeed. Stephenie Meyer's work that is set in the Washington town of Forks.)
...
[Laughter upon reveal of Lindsey's response]
(Lindsey: If you don't know, you might as well say something funny.)
CrystalWhat is Twilight?
$0
SamWhat is Twilight?
$12,345
LindseyWhat is Spoons?
$11,642
Twilight

Final scores:

Sam Lindsey Crystal
$24,945 $1,958 $12,400
2-day champion: $45,377 3rd place: $1,000 2nd place: $2,000

Game dynamics:

Coryat scores:

Sam Lindsey Crystal
$9,200 $13,600 $12,400
19 R
(including 3 DDs),
4 W
17 R,
0 W
17 R,
3 W

Combined Coryat: $35,200

[game clues] [game scores] [suggest correction]

Game tape date: 2011-02-22
The J! Archive is created by fans, for fans. Scraping, republication, monetization, and malicious use prohibited; this site may use cookies and collect identifying information. See terms. The Jeopardy! game show and all elements thereof, including but not limited to copyright and trademark thereto, are the property of Jeopardy Productions, Inc. and are protected under law. This website is not affiliated with, sponsored by, or operated by Jeopardy Productions, Inc. Join the discussion at JBoard.tv.